| 000 | 00613nam a2200241 a 4500 | ||
|---|---|---|---|
| 003 | AR-BaBNM | ||
| 005 | 20251128203459.0 | ||
| 008 | 082120s2002 ||||||||||||||000 | spa|| | ||
| 040 | _cAR-BaBNM | ||
| 100 | 1 | _aPrilutzky Farny, Julia | |
| 245 | 0 | 0 |
_aQuinquela Martín _bel hombre que inventó un puerto |
| 260 |
_aBuenos Aires _bPlus Ultra _c1978 |
||
| 300 |
_a61 p. _bil., láms. |
||
| 650 | 4 | _aPINTURA | |
| 650 | 4 | _aHISTORIA CULTURAL | |
| 650 | 4 | _aBIOGRAFIAS | |
| 650 | 4 | _aHISTORIA SOCIAL | |
| 650 | 4 | _aPUERTOS | |
| 653 | _aHISTORIA URBANA | ||
| 655 | _aBIOGRAFIAS | ||
| 942 | _cBK | ||
| 998 | _cmariana | ||
| 999 |
_c3579 _d3579 |
||